[Event "Foxwoods op 16th"]
[Site "Ledyard"]
[Date "2024.03.30"]
[Round "6"]
[White "Yanayt, Eugene"]
[Black "Rao, Anjaneya"]
[Result "1-0"]
[WhiteElo "2133"]
[BlackElo "1971"]
[PlyCount "75"]
[EventDate "2024.03.27"]
[EventType "swiss"]
[EventRounds "9"]
[EventCountry "USA"]
[SourceTitle "CB14_2024"]
[SourceDate "2024.04.01"]
[SourceVersion "1"]
[SourceVersionDate "2024.04.01"]
[SourceQuality "1"]

1. d4 d5 2. c4 e6 3. Nf3 Nf6 4. g3 dxc4 5. Bg2 Nc6 6. 0-0 Rb8 7. Qc2 Nxd4 8. Nxd4 Qxd4 9. Be3 Qe5 10. Nd2 Nd5 11. Nxc4 Qh5 12. Qa4+ Bd7 13. Qxa7 Rd8 14. Bf3 Qg6 15. Ne5 Qf5 16. Bd4 Nf6 17. Qxb7 Bd6 18. e4 Qh3 19. Nxd7 Nxd7 20. Bxg7 Rg8 21. Bc3 e5 22. a4 h5 23. Bg2 Qg4 24. a5 h4 25. b4 Rb8 26. Qc6 Ke7 27. Qc4 f5 28. h3 Qg5 29. exf5 hxg3 30. Qe6+ Kd8 31. f4 Qg7 32. fxe5 Nxe5 33. f6 Qg5 34. Bxe5 Bxe5 35. Rad1+ Bd6 36. Rxd6+ cxd6 37. Qxd6+ Kc8 38. Qc6+ 1-0

[Event "North American op 33rd"]
[Site "Las Vegas"]
[Date "2023.12.29"]
[Round "7"]
[White "Yanayt, Eugene"]
[Black "Kodarapu, Ishaan"]
[Result "1/2-1/2"]
[WhiteElo "2156"]
[BlackElo "1975"]
[PlyCount "55"]
[EventDate "2023.12.26"]
[EventType "swiss"]
[EventRounds "9"]
[EventCountry "USA"]
[SourceTitle "CB01_2024"]
[SourceDate "2024.01.03"]
[SourceVersion "1"]
[SourceVersionDate "2024.01.03"]
[SourceQuality "1"]

1. d4 d5 2. c4 e6 3. Nf3 Nf6 4. g3 Bb4+ 5. Nc3 dxc4 6. Bg2 0-0 7. 0-0 Nc6 8. Qa4 a6 9. Rd1 Bxc3 10. bxc3 b5 11. Qc2 Rb8 12. e4 h6 13. Qe2 Bb7 14. h4 Re8 15. Bf4 Qe7 16. a4 Nd7 17. Bxc7 Rbc8 18. Bf4 e5 19. Be3 exd4 20. Nxd4 Nxd4 21. Rxd4 Nf6 22. axb5 axb5 23. Ra7 Rc7 24. Qb2 Bc6 25. Rxc7 Qxc7 26. Bf4 Qb7 27. f3 Nd7 28. Qb4 1/2-1/2

[Event "North American op 33rd"]
[Site "Las Vegas"]
[Date "2023.12.28"]
[Round "6"]
[White "Tang, Zoey"]
[Black "Yanayt, Eugene"]
[Result "1-0"]
[WhiteElo "2284"]
[BlackElo "2156"]
[PlyCount "81"]
[EventDate "2023.12.26"]
[EventType "swiss"]
[EventRounds "9"]
[EventCountry "USA"]
[SourceTitle "CB01_2024"]
[SourceDate "2024.01.03"]
[SourceVersion "1"]
[SourceVersionDate "2024.01.03"]
[SourceQuality "1"]

1. d4 Nf6 2. c4 g6 3. Nc3 Bg7 4. e4 d6 5. h3 0-0 6. Be3 e5 7. d5 a5 8. g4 Na6 9. Nge2 Nc5 10. Ng3 c6 11. Qd2 a4 12. dxc6 bxc6 13. 0-0-0 Nb7 14. f3 Be6 15. h4 Qa5 16. h5 Qb4 17. hxg6 fxg6 18. a3 Qb3 19. Qh2 Rf7 20. g5 Nh5 21. Nxh5 gxh5 22. Qxh5 d5 23. g6 Rc7 24. Qxh7+ Kf8 25. Bh6 d4 26. Qh8+ Bg8 27. Rh5 Nd6 28. Nb1 Rb8 29. Rd2 Qxf3 30. Bg2 Qg3 31. Bxg7+ Rxg7 32. Rh3 Qxg6 33. Rh6 Qg3 34. Rxd6 Rxb2 35. Kxb2 Rb7+ 36. Ka1 Rxb1+ 37. Kxb1 Qb3+ 38. Kc1 Qc3+ 39. Kd1 Qb3+ 40. Ke1 Qe3+ 41. Kf1 1-0

[Event "Chesterfield SPICE Cup op"]
[Site "Chesterfield"]
[Date "2023.12.21"]
[Round "8"]
[White "Cavanah, Troy"]
[Black "Yanayt, Eugene"]
[Result "1-0"]
[WhiteElo "1950"]
[BlackElo "2156"]
[PlyCount "95"]
[EventDate "2023.12.17"]
[EventType "swiss"]
[EventRounds "9"]
[EventCountry "USA"]
[SourceTitle "CB52_2023"]
[SourceDate "2023.12.27"]
[SourceVersion "1"]
[SourceVersionDate "2023.12.27"]
[SourceQuality "1"]

1. e4 c5 2. Nf3 d6 3. d4 cxd4 4. Nxd4 Nf6 5. Nc3 Nc6 6. Bg5 Bd7 7. Qd2 a6 8. Nb3 b5 9. f3 e6 10. a4 b4 11. Na2 h6 12. Be3 d5 13. Bc5 dxe4 14. Bxf8 Kxf8 15. Nxb4 Qe7 16. Nxa6 g6 17. Nac5 exf3 18. 0-0-0 Be8 19. gxf3 Kg7 20. Qc3 Kh7 21. Bb5 Nd5 22. Qe1 Qf6 23. Kb1 Ne5 24. f4 Nf3 25. Ne4 Qxf4 26. Qe2 Bxb5 27. axb5 Ng5 28. Nbc5 Nxe4 29. Qxe4 Qc7 30. Na6 Qb7 31. Qd3 Rhd8 32. Qf3 Rdc8 33. Rhf1 Ra7 34. Qb3 Kg8 35. Rd3 Nb6 36. Rfd1 Kg7 37. Rd8 Raa8 38. R8d6 Nd5 39. c4 Qe7 40. Qa3 Rxc4 41. R1xd5 Qf6 42. Rd1 Rac8 43. b6 Qf5+ 44. Qd3 Qb5 45. Nc7 Qb4 46. Rd7 Rc6 47. Rxf7+ Kxf7 48. Qd7+ 1-0

[Event "Fort Lauderdale 1000 GM IM 11"]
[Site "Fort Lauderdale"]
[Date "2023.11.04"]
[Round "5"]
[White "Cruz Mendez, Jean Marcos"]
[Black "Yanayt, Eugene"]
[Result "0-1"]
[WhiteElo "2279"]
[BlackElo "2095"]
[PlyCount "84"]
[EventDate "2023.11.02"]
[EventType "tourn"]
[EventRounds "9"]
[EventCountry "USA"]
[SourceTitle "CB46_2023"]
[SourceDate "2023.11.15"]
[SourceVersion "1"]
[SourceVersionDate "2023.11.15"]
[SourceQuality "1"]

1. e4 c5 2. Nf3 d6 3. d4 cxd4 4. Nxd4 Nf6 5. Nc3 a6 6. Be2 e5 7. Nb3 Be7 8. Be3 Be6 9. Nd5 Nbd7 10. Qd3 Bxd5 11. exd5 Rc8 12. c4 a5 13. a4 b6 14. 0-0 0-0 15. Rae1 g6 16. Kh1 Ne8 17. Bh6 Ng7 18. f4 Re8 19. g4 Bh4 20. Rc1 exf4 21. Bxf4 Ne5 22. Qd4 Qd7 23. Qg1 Qxa4 24. Nd4 Qd7 25. Rc3 Re7 26. Bh6 Ree8 27. Rh3 Be7 28. Bxg7 Kxg7 29. Qe3 Rh8 30. Qh6+ Kg8 31. b3 Bf8 32. Qf4 h5 33. Rg1 Re8 34. Nf5 hxg4 35. Bxg4 Rxh3 36. Bxh3 Qd8 37. Ng3 Bg7 38. Ne4 Nd3 39. Qf3 Rxe4 40. Qxd3 Qh4 41. Qf3 Rf4 42. Qg3 Be5 0-1

[Event "Fort Lauderdale 1000 GM IM 11"]
[Site "Fort Lauderdale"]
[Date "2023.11.03"]
[Round "3"]
[White "Escobar Forero, Alder"]
[Black "Yanayt, Eugene"]
[Result "1-0"]
[WhiteElo "2450"]
[BlackElo "2095"]
[PlyCount "53"]
[EventDate "2023.11.02"]
[EventType "tourn"]
[EventRounds "9"]
[EventCountry "USA"]
[SourceTitle "CB46_2023"]
[SourceDate "2023.11.15"]
[SourceVersion "1"]
[SourceVersionDate "2023.11.15"]
[SourceQuality "1"]

1. e4 c5 2. Nf3 d6 3. d4 cxd4 4. Qxd4 Nc6 5. Qe3 g6 6. Be2 Bg7 7. 0-0 Nf6 8. h3 0-0 9. Nc3 a6 10. Rd1 Qc7 11. Bd2 e6 12. a4 b6 13. Qf4 Nd7 14. Qh4 Nce5 15. Nh2 Nc4 16. Bxc4 Qxc4 17. Bh6 Bxh6 18. Qxh6 f6 19. Rxd6 Ne5 20. Qe3 Qc5 21. Qxc5 bxc5 22. b3 g5 23. Ng4 Nf7 24. Rc6 Nd8 25. Rxc5 h5 26. Ne3 Rf7 27. Rd1 1-0

[Event "New York Marshall Labor Day IM"]
[Site "New York"]
[Date "2023.09.04"]
[Round "8"]
[White "Reiss, Aiden"]
[Black "Yanayt, Eugene"]
[Result "1-0"]
[WhiteElo "2230"]
[BlackElo "2085"]
[PlyCount "88"]
[EventDate "2023.08.31"]
[EventType "tourn"]
[EventRounds "9"]
[EventCountry "USA"]
[SourceTitle "EXT 2024"]
[Source "ChessBase"]
[SourceDate "2023.10.10"]
[SourceVersion "1"]
[SourceVersionDate "2023.10.10"]
[SourceQuality "1"]

1. e4 c5 2. Nf3 d6 3. d4 cxd4 4. Nxd4 Nf6 5. Nc3 g6 6. Be3 Bg7 7. f3 0-0 8. Qd2 Nc6 9. Bc4 Bd7 10. g4 Ne5 11. Be2 a6 12. g5 Nh5 13. f4 Ng4 14. 0-0-0 Nxe3 15. Qxe3 Nxf4 16. Qxf4 e5 17. Qh4 exd4 18. Nd5 f6 19. gxf6 Bxf6 20. Qg3 Be5 21. Qb3 Be6 22. h4 b5 23. h5 g5 24. h6 Kh8 25. Rdg1 Rc8 26. Rg2 Rg8 27. Bg4 Bxg4 28. Rxg4 Rc5 29. Rf1 Rf8 30. Qd3 a5 31. Kb1 b4 32. Rxf8+ Qxf8 33. Rxg5 Qf2 34. a3 Qe1+ 35. Ka2 Qc1 36. Rxe5 dxe5 37. Qa6 b3+ 38. cxb3 Qg5 39. Ne7 Qc1 40. Nd5 Rc6 41. Qa8+ Rc8 42. Qa7 Qg5 43. Qb7 Qc1 44. Nf6 Rg8 1-0

[Event "New York Marshall Labor Day IM"]
[Site "New York"]
[Date "2023.09.03"]
[Round "7"]
[White "Yanayt, Eugene"]
[Black "Rorrer, Grayson"]
[Result "0-1"]
[WhiteElo "2085"]
[BlackElo "2287"]
[PlyCount "66"]
[EventDate "2023.08.31"]
[EventType "tourn"]
[EventRounds "9"]
[EventCountry "USA"]
[SourceTitle "EXT 2024"]
[Source "ChessBase"]
[SourceDate "2023.10.10"]
[SourceVersion "1"]
[SourceVersionDate "2023.10.10"]
[SourceQuality "1"]

1. d4 Nf6 2. c4 e6 3. Nf3 Bb4+ 4. Nbd2 b6 5. a3 Bxd2+ 6. Qxd2 Bb7 7. e3 0-0 8. Be2 d5 9. 0-0 dxc4 10. Bxc4 Nbd7 11. b4 a5 12. b5 c5 13. bxc6 Bxc6 14. Bb2 Bxf3 15. gxf3 Ne5 16. Be2 Ng6 17. Rfd1 Nd5 18. Kh1 Qe7 19. Rg1 Rfd8 20. Rg3 Rac8 21. Rag1 f5 22. Bd3 Qf6 23. f4 Qe7 24. f3 Rc7 25. Bb1 b5 26. Rg5 b4 27. a4 b3 28. e4 fxe4 29. fxe4 Ndxf4 30. h4 Nh3 31. R1g4 Nxg5 32. Rxg5 Nxh4 33. d5 Nf3 0-1

[Event "New York Marshall Labor Day IM"]
[Site "New York"]
[Date "2023.09.01"]
[Round "3"]
[White "Yanayt, Eugene"]
[Black "Nemeth, Miklos"]
[Result "0-1"]
[WhiteElo "2085"]
[BlackElo "2443"]
[PlyCount "104"]
[EventDate "2023.08.31"]
[EventType "tourn"]
[EventRounds "9"]
[EventCountry "USA"]
[SourceTitle "EXT 2024"]
[Source "ChessBase"]
[SourceDate "2023.10.10"]
[SourceVersion "1"]
[SourceVersionDate "2023.10.10"]
[SourceQuality "1"]

1. d4 d5 2. c4 Nc6 3. Nf3 Bg4 4. cxd5 Bxf3 5. dxc6 Bxc6 6. Nc3 Nf6 7. f3 e5 8. dxe5 Nd7 9. e4 Nxe5 10. Be3 Qh4+ 11. Bf2 Qh6 12. Qd2 Qe6 13. Nb5 Bxb5 14. Bxb5+ c6 15. Be2 Bd6 16. 0-0 Ng6 17. g3 0-0 18. Rfd1 Rfd8 19. Bf1 Qe7 20. Qc2 h5 21. f4 h4 22. Bc4 Bc7 23. e5 Nf8 24. Re1 Bb6 25. e6 fxe6 26. f5 Rd6 27. Bxb6 axb6 28. Re2 b5 29. Bxe6+ Nxe6 30. fxe6 Rf8 31. Rae1 Rd5 32. b4 Rd4 33. Re5 Rf6 34. Qe2 hxg3 35. hxg3 Rg6 36. Qh2 Rh4 37. Qf2 Rxb4 38. Rd1 Rf6 39. Qh2 Rxe6 40. Rxe6 Qxe6 41. Rd8+ Kf7 42. Qh5+ g6 43. Qf3+ Qf5 44. Qe2 Re4 45. Qd2 Re7 46. Rh8 g5 47. Rd8 Qf3 48. Rd3 Qe2 49. Qc3 Qe1+ 50. Qxe1 Rxe1+ 51. Kf2 Re4 52. Kf3 Ra4 0-1

[Event "World op 51st"]
[Site "Philadelphia"]
[Date "2023.07.04"]
[Round "9"]
[White "Zhang, Andrew Huangtiankai"]
[Black "Yanayt, Eugene"]
[Result "1/2-1/2"]
[WhiteElo "1876"]
[BlackElo "2060"]
[PlyCount "28"]
[EventDate "2023.06.30"]
[EventType "swiss"]
[EventRounds "9"]
[EventCountry "USA"]
[SourceTitle "CBM 215 Extra"]
[Source "ChessBase"]
[SourceDate "2023.09.30"]
[SourceVersion "1"]
[SourceVersionDate "2023.09.30"]
[SourceQuality "1"]

1. e4 c5 2. Nf3 a6 3. d4 cxd4 4. Nxd4 Nf6 5. Nc3 e5 6. Nde2 Nc6 7. Bg5 Be7 8. Bxf6 Bxf6 9. a4 0-0 10. Nd5 Bg5 11. g3 d6 12. Bg2 g6 13. 0-0 Bh6 14. f4 f5 1/2-1/2

[Event "World op 51st"]
[Site "Philadelphia"]
[Date "2023.07.01"]
[Round "2"]
[White "Yanayt, Eugene"]
[Black "German, Sergio"]
[Result "0-1"]
[WhiteElo "2060"]
[BlackElo "2325"]
[PlyCount "100"]
[EventDate "2023.06.30"]
[EventType "swiss"]
[EventRounds "9"]
[EventCountry "USA"]
[SourceTitle "CBM 215 Extra"]
[Source "ChessBase"]
[SourceDate "2023.09.30"]
[SourceVersion "1"]
[SourceVersionDate "2023.09.30"]
[SourceQuality "1"]

1. d4 d5 2. c4 e6 3. Nf3 Nf6 4. g3 c6 5. Qc2 dxc4 6. Qxc4 b5 7. Qc2 Bb7 8. Bg2 Nbd7 9. Nc3 a6 10. Ne4 Nxe4 11. Qxe4 Qb6 12. 0-0 c5 13. dxc5 Bxe4 14. cxb6 Nxb6 15. Ne5 Bxg2 16. Kxg2 Bd6 17. Nd3 Rc8 18. Bf4 Bxf4 19. Nxf4 Ke7 20. Rfc1 a5 21. Nd3 f6 22. Rxc8 Rxc8 23. Rc1 Rxc1 24. Nxc1 Kd6 25. Nd3 Kd5 26. Nf4+ Ke5 27. Nd3+ Kd4 28. Nf4 e5 29. Ne6+ Kc4 30. Nxg7 Kb4 31. Ne8 Na4 32. Nxf6 Nxb2 33. g4 Nc4 34. Ne4 Nb6 35. g5 Nd5 36. Nf6 Nf4+ 37. Kf3 Ka3 38. Ne4 b4 39. e3 Nd5 40. h4 Kxa2 41. Nd2 a4 42. Ke4 Ne7 43. Kd3 Kb2 44. h5 e4+ 45. Kc4 Kc2 46. g6 Nxg6 47. hxg6 hxg6 48. Nf3 exf3 49. Kxb4 Kd3 50. Kxa4 g5 0-1

[Event "Las Vegas 1000 GM op"]
[Site "Las Vegas"]
[Date "2023.06.11"]
[Round "7"]
[White "Liu, Eric"]
[Black "Yanayt, Eugene"]
[Result "0-1"]
[WhiteElo "2230"]
[BlackElo "2060"]
[PlyCount "104"]
[EventDate "2023.06.08"]
[EventType "swiss"]
[EventRounds "9"]
[EventCountry "USA"]
[SourceTitle "CBM 214 Extra"]
[Source "ChessBase"]
[SourceDate "2023.07.31"]
[SourceVersion "1"]
[SourceVersionDate "2023.07.31"]
[SourceQuality "1"]

1. e4 c5 2. Nc3 Nc6 3. Nge2 g6 4. d4 cxd4 5. Nxd4 Bg7 6. Be3 Nf6 7. Bc4 0-0 8. Bb3 d6 9. f3 Bd7 10. h4 h5 11. Qd2 Ne5 12. 0-0-0 Rc8 13. Kb1 Nc4 14. Bxc4 Rxc4 15. Nde2 b5 16. b3 Rc8 17. Bh6 a5 18. Bxg7 Kxg7 19. Nd5 Nxd5 20. exd5 Qc7 21. g4 Rh8 22. Rde1 Kf8 23. Rh2 Qc5 24. Nf4 hxg4 25. Qe2 Re8 26. fxg4 Qd4 27. Qf3 Kg8 28. Qg3 a4 29. Rhe2 axb3 30. cxb3 Qf6 31. Ng2 Kg7 32. Re4 Ra8 33. Rf4 Bf5+ 34. gxf5 Rxa2 35. Kxa2 Ra8+ 36. Ra4 bxa4 37. b4 Qd4 38. fxg6 Rc8 39. gxf7+ Kh8 40. f8Q+ Rxf8 41. Qe3 Rf2+ 42. Ka3 Qb2+ 43. Kxa4 Qa2+ 44. Qa3 Qxd5 45. Qc3+ e5 46. Qc8+ Kh7 47. Qc7+ Rf7 48. Qc2+ Kg7 49. b5 Ra7+ 50. Kb4 Qd4+ 51. Kb3 Qa4+ 52. Kb2 Qa3+ 0-1

[Event "Las Vegas 1000 GM op"]
[Site "Las Vegas"]
[Date "2023.06.10"]
[Round "5"]
[White "Deng, Henry"]
[Black "Yanayt, Eugene"]
[Result "1-0"]
[WhiteElo "2163"]
[BlackElo "2060"]
[PlyCount "97"]
[EventDate "2023.06.08"]
[EventType "swiss"]
[EventRounds "9"]
[EventCountry "USA"]
[SourceTitle "CBM 214 Extra"]
[Source "ChessBase"]
[SourceDate "2023.07.31"]
[SourceVersion "1"]
[SourceVersionDate "2023.07.31"]
[SourceQuality "1"]

1. e4 c5 2. Nc3 d6 3. Bb5+ Bd7 4. Bxd7+ Qxd7 5. d4 cxd4 6. Qxd4 Nc6 7. Qd3 g6 8. Nf3 Bg7 9. 0-0 Nf6 10. Nd5 0-0 11. c3 Rac8 12. Bg5 Nh5 13. Rad1 h6 14. Be3 Rfd8 15. h3 e6 16. Nf4 Nf6 17. b3 Qc7 18. Qb1 b5 19. Rc1 Qb7 20. Nd2 g5 21. Ne2 d5 22. f4 gxf4 23. Nxf4 b4 24. exd5 Nxd5 25. Nxd5 Rxd5 26. cxb4 Rcd8 27. Ne4 Nd4 28. Kh1 Rh5 29. Rcd1 f5 30. Bxd4 Rxd4 31. Rxd4 Bxd4 32. Qd1 Rh4 33. Qxd4 Qxe4 34. Qd8+ Kf7 35. Qc7+ Kf6 36. Qg3 Qxb4 37. Rc1 Re4 38. Kh2 a5 39. Rc7 Qf8 40. Ra7 Re5 41. h4 Re4 42. Rxa5 Rg4 43. Qe5+ Kf7 44. Ra7+ Kg6 45. Qxe6+ Kh5 46. Ra5 Qb8+ 47. Kg1 Rxg2+ 48. Kxg2 Qg8+ 49. Qxg8 1-0

[Event "Las Vegas 1000 GM op"]
[Site "Las Vegas"]
[Date "2023.06.10"]
[Round "4"]
[White "Yanayt, Eugene"]
[Black "Wang, Henry H"]
[Result "1/2-1/2"]
[WhiteElo "2060"]
[BlackElo "2193"]
[PlyCount "92"]
[EventDate "2023.06.08"]
[EventType "swiss"]
[EventRounds "9"]
[EventCountry "USA"]
[SourceTitle "CBM 214 Extra"]
[Source "ChessBase"]
[SourceDate "2023.07.31"]
[SourceVersion "1"]
[SourceVersionDate "2023.07.31"]
[SourceQuality "1"]

1. d4 d6 2. Nf3 Nf6 3. c4 Nbd7 4. Nc3 e5 5. e4 Be7 6. Be2 c6 7. 0-0 0-0 8. Qc2 a6 9. Rd1 Qc7 10. Qb1 b5 11. a3 Re8 12. b4 exd4 13. Nxd4 Bf8 14. Bg5 g6 15. cxb5 axb5 16. Qb3 Nxe4 17. Nxe4 Rxe4 18. Rac1 Ne5 19. Nxb5 Qb6 20. Nc3 Be6 21. Qc2 Rxe2 22. Nxe2 Rxa3 23. Nd4 Ra2 24. Qc3 Bd5 25. Ra1 Rxa1 26. Rxa1 Qb7 27. f3 Bg7 28. Re1 h6 29. Bh4 c5 30. bxc5 dxc5 31. Bf2 Nd7 32. Qd2 cxd4 33. Bxd4 Be6 34. Bxg7 Kxg7 35. Qd4+ Nf6 36. h3 Qd5 37. Qxd5 Nxd5 38. Kf2 g5 39. Re4 h5 40. h4 g4 41. fxg4 Nf6 42. Ra4 Nxg4+ 43. Ke2 Ne5 44. Ke3 f5 45. g3 Kf6 46. Ra8 Ng6 1/2-1/2